logo

Bir Sreshtho Munshi Abdur Rouf Library
Jhenaidah Cadet College

রসায়ন দ্বিতীয় পত্র (একাদশ-দ্বাদশ) / (Record no. 8324)

MARC details
000 -LEADER
fixed length control field 00802nam a22002297a 4500
001 - CONTROL NUMBER
JCCL Control Number 8324
003 - CONTROL NUMBER IDENTIFIER
JCCL marc code BD-JhCC
005 - DATE AND TIME OF LATEST TRANSACTION
control field 20221107134024.0
008 - FIXED-LENGTH DATA ELEMENTS--GENERAL INFORMATION
fixed length control field 180222b2014 bg ||||| |||| 000 0 ben d
035 ## - SYSTEM CONTROL NUMBER
system control number (BD-JhCC)8324
040 ## - CATALOGING SOURCE
Original cataloging agency BD-JhCC
Modifying agency BD-JhCC
041 ## - LANGUAGE CODE
Language code of Book ben
082 ## - DEWEY DECIMAL CLASSIFICATION NUMBER
Classification number 540
Author mark and Year LIN 2014
100 ## - MAIN ENTRY--PERSONAL NAME
Personal name লিংকন, মাহবুব হাসান
245 ## - TITLE STATEMENT
Title রসায়ন দ্বিতীয় পত্র (একাদশ-দ্বাদশ) /
Statement of responsibility, etc মাহবুব হাসান লিংকন
260 ## - PUBLICATION, DISTRIBUTION, ETC. (IMPRINT)
Place of publication, distribution, etc ঢাকাঃ
Name of publisher, distributor, etc অক্ষর প্রত্র,
Date of publication, distribution, etc 2014.
300 ## - PHYSICAL DESCRIPTION
Pagination 275 p. :
Dimensions 24 cm.
650 ## - SUBJECT ADDED ENTRY--TOPICAL TERM
Topical term or geographic name as entry element Chemistry
700 ## - ADDED ENTRY--PERSONAL NAME
Personal name ড.মো:আব্দুল করিম, মো:নুরুল ইসলাম
942 ## - ADDED ENTRY ELEMENTS (KOHA)
Source of classification or shelving scheme Dewey Decimal Classification
Koha item type Books
Koha issues (borrowed), all copies 8
Holdings
Source of classification or shelving scheme Damaged status Not for loan Home library Current library Shelving location Date of accession Total Checkouts Full call number Barcode Date last seen Date checked out Copy number Koha item type Cost, normal purchase price Checked out
Dewey Decimal Classification     JCC Rouf Library JCC Rouf Library General Stacks 02/22/2018 1 540 LIN 2014 10855 10/26/2025 05/25/2025 C-1 Books    
Dewey Decimal Classification     JCC Rouf Library JCC Rouf Library General Stacks 08/29/2019 12 540 LIN 2019 15571 12/18/2025 11/18/2025 C-2 Books 305.00  
Dewey Decimal Classification     JCC Rouf Library JCC Rouf Library General Stacks 08/29/2019 8 540 LIN 2019 15572 11/24/2024 11/24/2024 C-3 Books 305.00 12/19/2024
Dewey Decimal Classification     JCC Rouf Library JCC Rouf Library General Stacks 08/29/2019 5 540 LIN 2019 15570 11/30/2025 11/20/2025 C-4 Books 305.00  

JCC Library | Contacts | JCC Home

Last Update on 23 September 2017
Copyright @ 2017-2020 JCC Rouf Library
Rouf Library, Jhenidah Cadet College (JCC), Bangladesh